000 00261nam a2200109Ia 4500
008 190216s9999||||xx |||||||||||||| ||und||
100 _aShakespere
245 0 _aTwelfth Night Or What You Will
260 _bCambridge Uty Press
650 _aEnglish
942 _cBK
999 _c12431
_d12431